Transport in nanostructures. -- 2nd ed. (Record no. 60366)

MARC details
000 -LEADER
fixed length control field 00776nam a2200205 a 4500
008 - FIXED-LENGTH DATA ELEMENTS--GENERAL INFORMATION
fixed length control field 130830s2009 ||||||||||||||||| || u
020 ## - INTERNATIONAL STANDARD BOOK NUMBER
International Standard Book Number 9780521877480
050 ## - LIBRARY OF CONGRESS CALL NUMBER
Classification number QC 176.8 FER
100 ## - MAIN ENTRY--PERSONAL NAME
Personal name Ferry, David K
245 10 - TITLE STATEMENT
Title Transport in nanostructures. -- 2nd ed.
Statement of responsibility, etc. by David, K. Ferry; Stephen M. Goodnick and Jonathan, Bird
250 ## - EDITION STATEMENT
Edition statement 2nd ed.
260 ## - PUBLICATION, DISTRIBUTION, ETC.
Place of publication, distribution, etc. Cambridge:
Name of publisher, distributor, etc. Cambridge University Press
Date of publication, distribution, etc. 2009
300 ## - PHYSICAL DESCRIPTION
Extent x, 659p.: ill.
650 ## - SUBJECT ADDED ENTRY--TOPICAL TERM
Topical term or geographic name entry element Solid state electronics
650 ## - SUBJECT ADDED ENTRY--TOPICAL TERM
Topical term or geographic name entry element NANOSTRUCTURES
650 ## - SUBJECT ADDED ENTRY--TOPICAL TERM
Topical term or geographic name entry element MESOSCOPIC PHENOMENA (PHYSICS)
700 ## - ADDED ENTRY--PERSONAL NAME
Personal name Goodnick, Stephen M
700 ## - ADDED ENTRY--PERSONAL NAME
Personal name Bird, Jonathan
995 ## - RECOMMENDATION 995 [LOCAL, UNIMARC FRANCE]
-- CBU-MAIN LIBRARY (Kitwe)
-- 1
-- AVAILABLE
-- Sep 9, 2013
-- Main Library Open Access Collection
Holdings
Withdrawn status Lost status Source of classification or shelving scheme Damaged status Not for loan Home library Current library Shelving location Date acquired Total Checkouts Full call number Barcode Date last seen Price effective from Koha item type
          CBU-MAIN LIBRARY, KITWE. CBU-MAIN LIBRARY, KITWE.   11/30/2022   QC 176.8 FER 744238 11/30/2022 11/30/2022 MONOGRAPH